Estadísticas para 15 principales países con muertes de Covid-19 - 29 de julio

Haz click aquí para intentar la prueba.

Estadísticas generales

  • Esta prueba ha sido intentada 3 veces
  • La puntuación promedio es 18 de 20

Estadísticas de respuestas

país% Correcto
Alemania
100%
Bélgica
100%
Brasil
100%
Chile
100%
Colombia
100%
España
100%
Estados Unidos
100%
Francia
100%
India
100%
Irán
100%
Irlanda
100%
Italia
100%
Países Bajos
100%
Perú
100%
Reino Unido
100%
México
67%
Panamá
67%
Rusia
67%
Suecia
67%
Ecuador
33%

Distribución de puntuación

Porcentaje por número respondido

Porcentaje de gente con cada puntuación

Historial de tus puntuaciones

No has intentado esta prueba.